| 000 | 00361nam a22001217a 4500 | ||
|---|---|---|---|
| 082 |
_a297.462 _bPER _cL-31,P-117 |
||
| 100 |
_aPervaiz _951038 |
||
| 245 |
_aشا ہکار رسالت _bعمر فاروق رضی اللہ عنہ |
||
| 260 |
_aLahore, _bIdara Talooi islam, _c1960. |
||
| 300 | _a528p. | ||
| 526 |
_a0 _b0 _c0 _d297_462000000000000_PER |
||
| 942 |
_2ddc _cBK |
||
| 999 |
_c553779 _d553779 |
||